[Event "4NCL Division 2a"]
[Site "Northampton, ENG"]
[Date "2017.01.14"]
[Round "3.11"]
[White "Snape, Ian L"]
[Black "Stewart, Ashley"]
[Result "1-0"]
[WhiteElo "2275"]
[BlackElo "2117"]
[PlyCount "59"]
[EventDate "2017.01.14"]
[WhiteTeam "The ADs"]
[BlackTeam "Barbican 4NCL Youth"]

1. e4 c5 2. Nf3 Nc6 3. d4 cxd4 4. Nxd4 g6 5. Nc3 Bg7 6. Be3 Nf6 7. Bc4 Qa5 8.
O-O O-O 9. Bb3 d6 10. h3 Bd7 11. Re1 Rac8 12. Qe2 Qh5 13. Nxc6 bxc6 14. Qd2 c5
15. Bc4 h6 16. f4 Bxh3 17. gxh3 Qxh3 18. Qg2 Qh4 19. Be2 Rb8 20. Rab1 Nh5 21.
Bxh5 Qxh5 22. Rf1 Rb7 23. Kf2 Qh4+ 24. Ke2 Qh5+ 25. Kd2 Bxc3+ 26. bxc3 Rxb1 27.
Rxb1 c4 28. f5 Qh4 29. Rh1 Qf6 30. Rxh6 1-0

[Event "4NCL Division 2a"]
[Site "Northampton, ENG"]
[Date "2017.01.14"]
[Round "3.12"]
[White "Whatley, Stephen A J"]
[Black "Richardson, John R"]
[Result "0-1"]
[WhiteElo "2127"]
[BlackElo "2290"]
[PlyCount "109"]
[EventDate "2017.01.14"]
[WhiteTeam "Barbican 4NCL Youth"]
[BlackTeam "The ADs"]

1. e4 c6 2. d4 d5 3. e5 Bf5 4. h4 h5 5. Bd3 Bxd3 6. Qxd3 e6 7. Bg5 Qb6 8. Nd2
c5 9. c4 Qxb2 10. Rd1 Qxd4 11. Qb3 Qxe5+ 12. Ne2 Qc7 13. cxd5 e5 14. Nc4 Nd7
15. Nc3 f6 16. d6 Qc6 17. Nd5 O-O-O 18. Be3 Kb8 19. O-O Nb6 20. Na5 Qa4 21.
Qxa4 Nxa4 22. Rb1 Rd7 23. Nc6+ Kc8 24. Nxa7+ Kd8 25. Nc6+ Ke8 26. Nc7+ Kf7 27.
Nb8 Rxd6 28. Rxb7 Be7 29. Ra7 Nh6 30. Rxa4 Rxb8 31. Bxc5 Rd7 32. Bxe7 Kxe7 33.
Ra7 Kf7 34. a4 Rc8 35. Rc1 Nf5 36. a5 Nd4 37. Rc5 Nb3 38. Rc2 Nxa5 39. Rxa5
Rdxc7 40. Rd2 Rc1+ 41. Kh2 R8c7 42. Raa2 Kg6 43. Re2 Kf5 44. Rab2 R1c4 45. g3
g5 46. hxg5 Kxg5 47. Rb5 h4 48. f4+ Kg4 49. fxe5 hxg3+ 50. Kg2 Rh7 51. Re1 Rc2+
52. Kg1 g2 53. Re4+ Kf3 54. Rf4+ Kxf4 55. Rb4+ 0-1

[Event "4NCL Division 2a"]
[Site "Northampton, ENG"]
[Date "2017.01.14"]
[Round "3.13"]
[White "Wheeler, Darren P"]
[Black "Klingher, Dominic"]
[Result "1-0"]
[WhiteElo "2252"]
[BlackElo "2082"]
[PlyCount "117"]
[EventDate "2017.01.14"]
[WhiteTeam "The ADs"]
[BlackTeam "Barbican 4NCL Youth"]

1. e4 d6 2. d4 Nf6 3. Nc3 Nbd7 4. Be3 e5 5. d5 c6 6. f3 Be7 7. Bc4 O-O 8. a4
Nb6 9. Bb3 cxd5 10. exd5 Nh5 11. Nge2 f5 12. Qd2 Bd7 13. a5 Nc8 14. Nd1 Bf6 15.
c4 f4 16. Bf2 Bh4 17. Nec3 Bxf2+ 18. Qxf2 Ne7 19. Bc2 Rf6 20. g4 fxg3 21. hxg3
g6 22. Ne4 Rf8 23. Ndc3 Nf5 24. g4 Nd4 25. Bd1 Nf4 26. Qh2 Qe7 27. Ra3 b5 28.
axb6 axb6 29. Rxa8 Rxa8 30. Nf6+ Kf8 31. Qh6+ Qg7 32. Nxd7+ Kf7 33. Qxg7+ Kxg7
34. Nxb6 Ra1 35. O-O Rb1 36. Nba4 h5 37. gxh5 gxh5 38. Kf2 Nd3+ 39. Kg3 Nxb2
40. Nxb2 Rxb2 41. Rh1 Kg6 42. Rh2 Rb7 43. f4 Re7 44. Bxh5+ Kf6 45. Bg4 Rb7 46.
Rh6+ Kg7 47. Rxd6 Rb3 48. fxe5 Rxc3+ 49. Kf4 Rxc4 50. Kg5 Rc3 51. Rd7+ Kf8 52.
Kf6 Ke8 53. e6 Rc8 54. Bh5+ Kf8 55. e7+ Kg8 56. Rd8+ Rxd8 57. exd8=Q+ Kh7 58.
Qe7+ Kh8 59. Qg7# 1-0

[Event "4NCL Division 2a"]
[Site "Northampton, ENG"]
[Date "2017.01.14"]
[Round "3.14"]
[White "Brett, Andrew R"]
[Black "Rich, Mark C"]
[Result "1-0"]
[WhiteElo "2098"]
[BlackElo "2192"]
[PlyCount "39"]
[EventDate "2017.01.14"]
[WhiteTeam "Barbican 4NCL Youth"]
[BlackTeam "The ADs"]

1. e4 d6 2. d4 Nf6 3. Nc3 c6 4. f4 Qa5 5. Bd3 e5 6. Nf3 Bg4 7. Be3 d5 8. fxe5
Nxe4 9. O-O Nxc3 10. bxc3 Be7 11. Rb1 b5 12. Qe1 Bh5 13. Qg3 O-O 14. Qh3 Bg6
15. Bxg6 hxg6 16. Ng5 Bxg5 17. Bxg5 Qc7 18. Qh4 f6 19. exf6 gxf6 20. Rbe1 1-0

[Event "4NCL Division 2a"]
[Site "Northampton, ENG"]
[Date "2017.01.14"]
[Round "3.15"]
[White "Stockwell, Mark B"]
[Black "Rice, Chris B"]
[Result "1/2-1/2"]
[WhiteElo "2095"]
[BlackElo "2027"]
[PlyCount "71"]
[EventDate "2017.01.14"]
[WhiteTeam "The ADs"]
[BlackTeam "Barbican 4NCL Youth"]

1. c4 c6 2. Nf3 Nf6 3. Nc3 d6 4. g3 e5 5. Bg2 Be7 6. O-O O-O 7. d4 Nbd7 8. Qc2
Re8 9. h3 Bf8 10. e4 a6 11. Rd1 Qc7 12. Be3 b5 13. cxb5 cxb5 14. Rac1 Bb7 15.
Qb1 Qa5 16. Nd2 Rac8 17. a3 h6 18. Rc2 Qc7 19. Rdc1 Qb8 20. Nb3 Be7 21. Na5 Ba8
22. Nd5 Nxd5 23. exd5 exd4 24. Bxd4 Bg5 25. f4 Bf6 26. Bf2 Nb6 27. Nc6 Qb7 28.
Na5 Qb8 29. Rxc8 Rxc8 30. Nc6 Qb7 31. Kh2 Re8 32. Re1 Rxe1 33. Qxe1 Kf8 34. Qb4
Nc8 35. Bd4 Bxd4 36. Qxd4 1/2-1/2

[Event "4NCL Division 2a"]
[Site "Northampton, ENG"]
[Date "2017.01.14"]
[Round "3.16"]
[White "Hughes, Roy"]
[Black "Anderton, David W"]
[Result "1-0"]
[WhiteElo "1998"]
[BlackElo "2132"]
[PlyCount "95"]
[EventDate "2017.01.14"]
[WhiteTeam "Barbican 4NCL Youth"]
[BlackTeam "The ADs"]

1. d4 f5 2. Bf4 d6 3. e3 Nf6 4. Be2 g6 5. Nf3 Bg7 6. c4 O-O 7. h3 c6 8. Nc3 Qe8
9. Qc2 Nbd7 10. O-O e5 11. Bh2 e4 12. Nd2 Qe7 13. b4 d5 14. b5 Kh8 15. c5 Ne8
16. a4 f4 17. a5 Nxc5 18. dxc5 Qxc5 19. Rac1 fxe3 20. fxe3 Qxe3+ 21. Kh1 Nf6
22. Rce1 Bd7 23. Nb3 Nh5 24. Bxh5 Qxc3 25. Qxc3 Bxc3 26. Rxf8+ Rxf8 27. Rc1 Bg7
28. Nc5 Bc8 29. Be2 cxb5 30. Bxb5 b6 31. axb6 axb6 32. Nd7 Bxd7 33. Bxd7 d4 34.
Rc8 Rxc8 35. Bxc8 g5 36. Bf5 e3 37. Bd3 h5 38. g4 hxg4 39. hxg4 Bf6 40. Bc7 Kg7
41. Kg2 Be7 42. Bxb6 Bf6 43. Kf3 Be5 44. Ke4 Kf6 45. Bxd4 Bxd4 46. Kxd4 Ke6 47.
Kxe3 Ke5 48. Bc4 1-0

[Event "4NCL Division 2a"]
[Site "Northampton, ENG"]
[Date "2017.01.14"]
[Round "3.17"]
[White "Bellin, Jana M"]
[Black "Keen, Cosima"]
[Result "0-1"]
[WhiteElo "2035"]
[BlackElo "1844"]
[PlyCount "86"]
[EventDate "2017.01.14"]
[WhiteTeam "The ADs"]
[BlackTeam "Barbican 4NCL Youth"]

1. d4 d5 2. Nf3 Nf6 3. e3 Bf5 4. Nbd2 e6 5. c4 Be7 6. Nh4 Bg4 7. Qb3 b6 8. h3
Bh5 9. cxd5 Nxd5 10. Nhf3 O-O 11. Bd3 c5 12. O-O cxd4 13. Nxd4 Bc5 14. N2f3 Nd7
15. e4 Nb4 16. Be2 Bxf3 17. Nxf3 Nc6 18. Bf4 Qf6 19. Bg3 Qg6 20. Nh4 Qg5 21.
Kh2 Nd4 22. Qd1 Nxe2 23. Qxe2 Nf6 24. f4 Qh5 25. Qxh5 Nxh5 26. Rad1 Nxg3 27.
Kxg3 Rfd8 28. Nf3 Be7 29. Rxd8+ Rxd8 30. Rc1 Bc5 31. Ne5 a5 32. Kf3 f6 33. Nc6
Rd3+ 34. Kg4 Rd2 35. Nxa5 Rxg2+ 36. Kf3 Rf2+ 37. Kg4 Be3 38. Rc8+ Kf7 39. Nc4
Bxf4 40. Nxb6 Kg6 41. Rc5 Bd6 42. Rc6 h5+ 43. Kh4 Bh2 0-1

[Event "4NCL Division 2a"]
[Site "Northampton, ENG"]
[Date "2017.01.14"]
[Round "3.18"]
[White "Klingher, Bernard"]
[Black "Ahluwalia, Amardip"]
[Result "0-1"]
[WhiteElo "1310"]
[BlackElo "2035"]
[PlyCount "76"]
[EventDate "2017.01.14"]
[WhiteTeam "Barbican 4NCL Youth"]
[BlackTeam "The ADs"]

1. g3 Nf6 2. Bg2 g6 3. Nf3 Bg7 4. O-O d5 5. c4 O-O 6. cxd5 Nxd5 7. Nc3 Nb6 8.
Re1 Nc6 9. a3 a5 10. Rb1 e5 11. d3 Kh8 12. Bg5 f6 13. Be3 f5 14. Bxb6 cxb6 15.
Nd2 Be6 16. Nc4 Rf7 17. Nb5 Rd7 18. Qd2 Bxc4 19. Nc3 e4 20. Rbd1 exd3 21. exd3
Bb3 22. Qe3 Bxd1 23. Rxd1 Re7 24. Qc1 Nd4 25. Kh1 Rc8 26. Qf4 Ne2 27. Nxe2 Rxe2
28. Bxb7 Rcc2 29. Rf1 Bd4 30. Qh4 Qxh4 31. gxh4 Bxf2 32. Bf3 Red2 33. h5 Kg7
34. h4 Bxh4 35. hxg6 hxg6 36. Rb1 g5 37. b4 axb4 38. Rxb4 Rc1+ 0-1

[Event "4NCL Division 2a"]
[Site "Northampton, ENG"]
[Date "2017.01.14"]
[Round "3.21"]
[White "Varnam, Liam D"]
[Black "Rees, Ioan"]
[Result "0-1"]
[WhiteElo "2120"]
[BlackElo "2277"]
[PlyCount "138"]
[EventDate "2017.01.14"]
[WhiteTeam "Grantham Sharks 2"]
[BlackTeam "West is Best 1"]

1. e4 c5 2. Nf3 Nc6 3. d4 cxd4 4. Nxd4 e5 5. Nb5 d6 6. N1c3 a6 7. Na3 Be7 8.
Nd5 Nf6 9. Nxf6+ Bxf6 10. Bd3 O-O 11. O-O Be6 12. c4 Bg5 13. Nc2 Bxc1 14. Qxc1
Rc8 15. Qe3 Qh4 16. b3 g6 17. Rad1 Rcd8 18. g3 Qe7 19. Rfe1 Rd7 20. f4 f6 21.
f5 Bf7 22. g4 Rb8 23. Qh6 Qf8 24. Qh4 g5 25. Qf2 b5 26. Qf1 Qd8 27. Kg2 Qa5 28.
a3 Qc3 29. cxb5 axb5 30. Rc1 Qd2+ 31. Kh1 Qa5 32. b4 Qb6 33. Qg1 d5 34. Qxb6
Rxb6 35. Ne3 d4 36. Nf1 Ra7 37. Ra1 Bc4 38. Bxc4+ bxc4 39. Nd2 c3 40. Nc4 Rb8
41. Rac1 Ne7 42. Red1 Nc8 43. Na5 Ra6 44. Kg2 Nd6 45. Kf3 Nb7 46. Nc4 Rc6 47.
Nb2 Ra8 48. a4 Nd6 49. a5 Nc4 50. Nd3 Rb8 51. Ke2 Ra6 52. Ra1 Ra7 53. Ra2 Kf7
54. Rda1 Ke7 55. Rh1 Nd2 56. Rxd2 cxd2 57. Kxd2 Kd6 58. Rc1 h5 59. gxh5 Rh7 60.
a6 Rxh5 61. a7 Rxh2+ 62. Kd1 Ra8 63. Ra1 Rh1+ 64. Ne1 Kc6 65. Ra6+ Kb5 66. Ra5+
Kb6 67. Ke2 Rxe1+ 68. Kxe1 Rxa7 69. Rxa7 Kxa7 0-1

[Event "4NCL Division 2a"]
[Site "Northampton, ENG"]
[Date "2017.01.14"]
[Round "3.22"]
[White "Rudd, Jack"]
[Black "Tavares, Shawn P"]
[Result "1-0"]
[WhiteElo "2176"]
[BlackElo "2159"]
[PlyCount "57"]
[EventDate "2017.01.14"]
[WhiteTeam "West is Best 1"]
[BlackTeam "Grantham Sharks 2"]

1. e4 c5 2. Nf3 e6 3. d4 cxd4 4. Nxd4 Nc6 5. Nc3 a6 6. Be3 Qc7 7. Qd2 Nf6 8.
O-O-O Bb4 9. f3 Ne5 10. Nb3 b5 11. a3 Be7 12. Bf4 b4 13. axb4 Bxb4 14. Kb1 Rb8
15. Qd4 d6 16. Bb5+ axb5 17. Qxb4 O-O 18. Nxb5 Rxb5 19. Qxb5 Bd7 20. Qa5 Qb8
21. Qa6 Rc8 22. Qxd6 Qxd6 23. Rxd6 Nc4 24. Ra6 e5 25. Bg5 Bb5 26. Ra7 Ne8 27.
Rd1 f6 28. Bc1 h5 29. Na5 1-0

[Event "4NCL Division 2a"]
[Site "Northampton, ENG"]
[Date "2017.01.14"]
[Round "3.23"]
[White "Cumbers, Paul"]
[Black "Stephens, John KF"]
[Result "1/2-1/2"]
[WhiteElo "2167"]
[BlackElo "2140"]
[PlyCount "81"]
[EventDate "2017.01.14"]
[WhiteTeam "Grantham Sharks 2"]
[BlackTeam "West is Best 1"]

1. d4 d5 2. c4 c6 3. e3 Nf6 4. Nc3 e6 5. Nf3 Nbd7 6. Qc2 Bd6 7. g4 h6 8. Bd2 a6
9. c5 Bc7 10. h3 e5 11. dxe5 Nxe5 12. Nxe5 Bxe5 13. O-O-O Qe7 14. Na4 Ne4 15.
Be1 Bc7 16. Rg1 O-O 17. h4 Rb8 18. f3 Nf6 19. Bd2 Nd7 20. g5 h5 21. Bd3 b5 22.
cxb6 Nxb6 23. Nxb6 Bxb6 24. Rge1 Bd7 25. Bf5 Bxf5 26. Qxf5 Qe6 27. Qxe6 fxe6
28. f4 g6 29. Bc3 Kf7 30. Be5 Rb7 31. Rd3 Bc5 32. Re2 Rc8 33. Rc2 Be7 34. Rdc3
c5 35. Ra3 Rb6 36. Ra4 Rbc6 37. Kd1 c4 38. Ke2 Ke8 39. Rd2 Rd8 40. Rc2 Rdc8 41.
Rd2 1/2-1/2

[Event "4NCL Division 2a"]
[Site "Northampton, ENG"]
[Date "2017.01.14"]
[Round "3.24"]
[White "Edgell, Ben P"]
[Black "Birtwistle, Nigel"]
[Result "0-1"]
[WhiteElo "2131"]
[BlackElo "2123"]
[PlyCount "66"]
[EventDate "2017.01.14"]
[WhiteTeam "West is Best 1"]
[BlackTeam "Grantham Sharks 2"]

1. c4 e5 2. g3 Nf6 3. Bg2 c6 4. d4 exd4 5. Qxd4 Na6 6. Nf3 Bc5 7. Qe5+ Qe7 8.
O-O h6 9. Nc3 O-O 10. Qxe7 Bxe7 11. Rd1 Re8 12. a3 Nc5 13. Nd4 a5 14. b3 d6 15.
h3 a4 16. b4 Nb3 17. Nxb3 axb3 18. b5 Be6 19. bxc6 bxc6 20. Bxc6 Rab8 21. Bxe8
Nxe8 22. Bb2 Bf6 23. Rd2 Bxc4 24. Nd1 Bg5 25. f4 Bd8 26. Bd4 Ba5 27. Rb2 Nc7
28. Rc1 Be6 29. Bc3 Bb6+ 30. e3 Na6 31. Bd4 Bc5 32. Ra1 Ra8 33. Nf2 Nb4 0-1

[Event "4NCL Division 2a"]
[Site "Northampton, ENG"]
[Date "2017.01.14"]
[Round "3.25"]
[White "Purton, Ben J"]
[Black "Stewart, Joseph J"]
[Result "0-1"]
[WhiteElo "2115"]
[BlackElo "2145"]
[PlyCount "46"]
[EventDate "2017.01.14"]
[WhiteTeam "Grantham Sharks 2"]
[BlackTeam "West is Best 1"]

1. e4 c5 2. Nf3 d6 3. Bb5+ Bd7 4. Bxd7+ Nxd7 5. O-O Ngf6 6. Re1 g6 7. c3 Bg7 8.
d4 e5 9. dxe5 dxe5 10. Qc2 O-O 11. a4 Qc7 12. Nbd2 b6 13. b3 Rfe8 14. Bb2 Rac8
15. Rad1 h6 16. Nc4 Re6 17. Qd3 Bf8 18. Ne3 Rd6 19. Qc4 Rxd1 20. Rxd1 Bg7 21.
Nh4 Nf8 22. Nd5 Nxd5 23. Qxd5 Bf6 0-1

[Event "4NCL Division 2a"]
[Site "Northampton, ENG"]
[Date "2017.01.14"]
[Round "3.26"]
[White "Bullen, Alex"]
[Black "Willis, Rupert"]
[Result "0-1"]
[WhiteElo "2105"]
[BlackElo "2169"]
[PlyCount "66"]
[EventDate "2017.01.14"]
[WhiteTeam "West is Best 1"]
[BlackTeam "Grantham Sharks 2"]

1. e4 e6 2. d4 d5 3. Nc3 Nc6 4. e5 f6 5. Bb5 Bd7 6. Nf3 Qe7 7. O-O Qf7 8. Re1
O-O-O 9. a4 Bb4 10. Bxc6 Bxc6 11. Bd2 Kb8 12. Nb5 Bxd2 13. Qxd2 Ne7 14. Re3 Nc8
15. Rc3 a6 16. Rca3 Nb6 17. Qb4 Rhf8 18. Nc3 Nc4 19. Rb3 a5 20. Qc5 Qd7 21.
exf6 gxf6 22. Rd1 b6 23. Ne5 fxe5 24. dxe5 Qf7 25. Ne2 Bb7 26. Qd4 Qh5 27. Re1
c5 28. Qc3 Qf5 29. f4 Rg8 30. g3 Ka7 31. Rb5 Qe4 32. Nc1 Qxf4 33. b3 Qd2 0-1

[Event "4NCL Division 2a"]
[Site "Northampton, ENG"]
[Date "2017.01.14"]
[Round "3.27"]
[White "Milson, Samuel A"]
[Black "Homer, Stephen J"]
[Result "1-0"]
[WhiteElo "2079"]
[BlackElo "2018"]
[PlyCount "47"]
[EventDate "2017.01.14"]
[WhiteTeam "Grantham Sharks 2"]
[BlackTeam "West is Best 1"]

1. e4 e5 2. Nf3 Nc6 3. Bb5 a6 4. Ba4 Nf6 5. O-O b5 6. Bb3 Be7 7. Qe2 d6 8. c3
O-O 9. d4 Bg4 10. Rd1 Re8 11. h3 Bd7 12. Nbd2 exd4 13. cxd4 Na5 14. Bc2 Bf8 15.
Nf1 Bc6 16. e5 Qc8 17. Bg5 Nd5 18. Ng3 h6 19. Bxh6 dxe5 20. dxe5 Qe6 21. Bd2
Nc4 22. Ng5 Qxe5 23. Bh7+ Kh8 24. Qh5 1-0

[Event "4NCL Division 2a"]
[Site "Northampton, ENG"]
[Date "2017.01.14"]
[Round "3.28"]
[White "Howell, Oliver W"]
[Black "Munshi, Aditya"]
[Result "1/2-1/2"]
[WhiteElo "1668"]
[BlackElo "1764"]
[PlyCount "59"]
[EventDate "2017.01.14"]
[WhiteTeam "West is Best 1"]
[BlackTeam "Grantham Sharks 2"]

1. Nf3 Nf6 2. c4 g6 3. g3 Bg7 4. Bg2 O-O 5. O-O d6 6. d4 Nbd7 7. Nc3 e5 8. dxe5
dxe5 9. Qc2 c6 10. Rd1 Qc7 11. b3 Re8 12. Ba3 Bf8 13. Bxf8 Rxf8 14. Ne4 Nxe4
15. Qxe4 f6 16. Rd2 Nc5 17. Qe3 Ne6 18. Rad1 Rd8 19. Rxd8+ Nxd8 20. Qd3 Nf7 21.
Nd2 f5 22. e4 Be6 23. exf5 Rd8 24. Qe2 Bxf5 25. Ne4 Kg7 26. Rxd8 Qxd8 27. Nc5
Qe7 28. Nd3 Qd6 29. Be4 Be6 30. Qe3 1/2-1/2

[Event "4NCL Division 2a"]
[Site "Northampton, ENG"]
[Date "2017.01.14"]
[Round "3.32"]
[White "Makepeace, Philip J"]
[Black "Cooper, David M"]
[Result "1/2-1/2"]
[WhiteElo "2081"]
[BlackElo "2050"]
[PlyCount "50"]
[EventDate "2017.01.14"]
[WhiteTeam "Downend & Fishponds"]
[BlackTeam "Warwickshire Select 2"]

1. Nf3 d5 2. g3 Nf6 3. Bg2 c6 4. O-O Bg4 5. d3 Nbd7 6. Nbd2 e6 7. b3 Bd6 8. Bb2
O-O 9. a4 Qc7 10. c4 Rad8 11. Re1 Rfe8 12. Qc2 Bb4 13. Bc3 Qa5 14. Bxb4 Qxb4
15. a5 a6 16. Ra4 Qd6 17. d4 Bf5 18. Qc3 Ne4 19. Nxe4 Bxe4 20. c5 Qc7 21. Nh4
Bxg2 22. Kxg2 g6 23. Nf3 e5 24. dxe5 Nxe5 25. Nd4 Re7 1/2-1/2

[Event "4NCL Division 2a"]
[Site "Northampton, ENG"]
[Date "2017.01.14"]
[Round "3.33"]
[White "Hunt, Malcolm A"]
[Black "Savory, Richard J"]
[Result "0-1"]
[WhiteElo "2049"]
[BlackElo "2088"]
[PlyCount "106"]
[EventDate "2017.01.14"]
[WhiteTeam "Warwickshire Select 2"]
[BlackTeam "Downend & Fishponds"]

1. d4 Nf6 2. Bf4 g6 3. e3 Bg7 4. h3 O-O 5. Nf3 d6 6. c4 Nbd7 7. Nc3 b6 8. Be2
Bb7 9. O-O Ne4 10. Nxe4 Bxe4 11. Nd2 Bb7 12. Bf3 Qc8 13. Qc2 e5 14. dxe5 dxe5
15. Bh2 Nc5 16. Bxb7 Qxb7 17. b4 Ne6 18. Qe4 Qxe4 19. Nxe4 f5 20. Nc3 c6 21.
Rad1 Rfd8 22. Rxd8+ Rxd8 23. Rd1 Kf7 24. Kf1 Rxd1+ 25. Nxd1 Nc7 26. Ke2 Ne8 27.
Kd3 Ke6 28. e4 fxe4+ 29. Kxe4 Nd6+ 30. Kd3 e4+ 31. Ke3 Be5 32. Bf4 c5 33. bxc5
bxc5 34. Bxe5 Kxe5 35. Nb2 Nf5+ 36. Kd2 Kd4 37. Kc2 Nh4 38. g3 Nf3 39. Nd1 Ne1+
40. Kd2 Nd3 41. Nc3 Nxf2 42. Nb5+ Kxc4 43. Nxa7 Nxh3 44. Ke3 Ng5 45. Nc6 Kb5
46. Ne5 c4 47. a4+ Kc5 48. a5 c3 49. a6 Kb6 50. Nc4+ Kxa6 51. Na3 Ka5 52. Kf4
Ka4 53. Nc2 Kb3 0-1

[Event "4NCL Division 2a"]
[Site "Northampton, ENG"]
[Date "2017.01.14"]
[Round "3.34"]
[White "Meek, Stephen J"]
[Black "Page, Mark E"]
[Result "1/2-1/2"]
[WhiteElo "2015"]
[BlackElo "2111"]
[PlyCount "74"]
[EventDate "2017.01.14"]
[WhiteTeam "Downend & Fishponds"]
[BlackTeam "Warwickshire Select 2"]

1. e4 c5 2. c3 Nf6 3. e5 Nd5 4. d4 cxd4 5. Nf3 e6 6. cxd4 b6 7. Bd3 Bb4+ 8. Bd2
Bxd2+ 9. Qxd2 O-O 10. O-O Ba6 11. Nc3 Nxc3 12. bxc3 Bxd3 13. Qxd3 d5 14. exd6
Nc6 15. Ne5 Qxd6 16. f4 Rac8 17. Rf3 Ne7 18. a4 f6 19. Ng4 Nd5 20. Qd2 Rc7 21.
Nf2 f5 22. Nd1 Rfc8 23. g3 Qc6 24. Rd3 Qd7 25. Ra3 a6 26. Ne3 Nf6 27. c4 Ne4
28. Qb2 Rc6 29. d5 Rd6 30. dxe6 Qxe6 31. Rxd6 Qxd6 32. Qe5 g6 33. Rd3 Qxd3 34.
Qe6+ Kg7 35. Qe7+ Kg8 36. Qe6+ Kg7 37. Qe7+ Kg8 1/2-1/2

[Event "4NCL Division 2a"]
[Site "Northampton, ENG"]
[Date "2017.01.14"]
[Round "3.35"]
[White "Paterson, Andrew I"]
[Black "Hosken, Nigel K"]
[Result "0-1"]
[WhiteElo "2080"]
[BlackElo "2089"]
[PlyCount "100"]
[EventDate "2017.01.14"]
[WhiteTeam "Warwickshire Select 2"]
[BlackTeam "Downend & Fishponds"]

1. Nf3 Nf6 2. g3 b6 3. Bg2 Bb7 4. O-O c5 5. c4 e6 6. Nc3 Be7 7. b3 O-O 8. Bb2
d6 9. e3 Nbd7 10. d4 cxd4 11. Qxd4 a6 12. Rfd1 Qc7 13. Rac1 Rac8 14. Ba3 Nc5
15. b4 Ncd7 16. Na4 Rfd8 17. Qb2 Qb8 18. Qe2 Qa8 19. Ne1 Bxg2 20. Nxg2 d5 21.
Nb2 a5 22. Qe1 Ne5 23. Nh4 Nxc4 24. Nxc4 Rxc4 25. Rxc4 dxc4 26. Rxd8+ Qxd8 27.
Qc3 Qd3 28. Qxd3 cxd3 29. Nf3 Nd5 30. Kf1 Nxb4 31. Ne5 d2 32. Ke2 Nc6 33. Bxe7
Nxe7 34. a4 f6 35. Nc4 Nc8 36. Kxd2 Kf7 37. f4 Ke7 38. Kd3 Kd7 39. Kd4 Kc6 40.
e4 Nd6 41. Nd2 b5 42. e5 Nf5+ 43. Ke4 bxa4 44. g4 Ne7 45. exf6 gxf6 46. g5 fxg5
47. fxg5 a3 48. Nb3 a2 49. h4 a4 50. Na1 Nf5 0-1

[Event "4NCL Division 2a"]
[Site "Northampton, ENG"]
[Date "2017.01.14"]
[Round "3.36"]
[White "Dilleigh, Stephen P"]
[Black "Charnley, Bernard J"]
[Result "1-0"]
[WhiteElo "2038"]
[BlackElo "1932"]
[PlyCount "109"]
[EventDate "2017.01.14"]
[WhiteTeam "Downend & Fishponds"]
[BlackTeam "Warwickshire Select 2"]

1. Nf3 e6 2. c4 Nf6 3. Nc3 d5 4. d4 c6 5. e3 Nbd7 6. Qc2 Bd6 7. Bd3 dxc4 8.
Bxc4 e5 9. O-O O-O 10. Bb3 Qe7 11. h3 h6 12. Nh4 Nd5 13. Nf5 Qf6 14. Bxd5 cxd5
15. Nxd5 Qe6 16. e4 Nf6 17. Nxd6 Qxd6 18. dxe5 Qxe5 19. Bf4 Qh5 20. Nxf6+ gxf6
21. Qd3 Be6 22. Rfd1 Kh8 23. Qd4 Qg6 24. Rd3 Rfd8 25. Qe3 Rg8 26. Bg3 h5 27.
Qf4 Rac8 28. Rf3 Rc4 29. Qxf6+ Qxf6 30. Rxf6 Rxe4 31. Rh6+ Kg7 32. Rxh5 f5 33.
Rg5+ Kf7 34. Rxg8 Kxg8 35. Bb8 Ra4 36. a3 a6 37. Be5 Re4 38. Bc3 Kf7 39. Re1
Rc4 40. f3 Bd5 41. Re5 Be6 42. g4 fxg4 43. hxg4 Bxg4 44. fxg4 Rxg4+ 45. Kf2 Rc4
46. Ke3 Rc6 47. Kd3 Re6 48. Rxe6 Kxe6 49. Kc4 Kd6 50. a4 Kc6 51. Bd4 Kc7 52.
Be5+ Kb6 53. Kb4 Ka7 54. Kc5 Ka8 55. Kb6 1-0

[Event "4NCL Division 2a"]
[Site "Northampton, ENG"]
[Date "2017.01.14"]
[Round "3.37"]
[White "Cundy, Mark A"]
[Black "French, Max"]
[Result "1-0"]
[WhiteElo "1943"]
[BlackElo "1972"]
[PlyCount "87"]
[EventDate "2017.01.14"]
[WhiteTeam "Warwickshire Select 2"]
[BlackTeam "Downend & Fishponds"]

1. e4 c6 2. d4 d5 3. exd5 cxd5 4. c4 Nf6 5. Nc3 Nc6 6. Bg5 e6 7. Nf3 Be7 8. c5
O-O 9. Bb5 Bd7 10. Bxc6 Bxc6 11. b4 Ne4 12. Bd2 a5 13. a3 f6 14. O-O e5 15.
dxe5 fxe5 16. Nxe5 axb4 17. Nxc6 bxc6 18. Nxe4 dxe4 19. Bxb4 Qc7 20. Qe2 Qe5
21. Rae1 Bxc5 22. Qc4+ Qd5 23. Qxc5 Rf5 24. Qxd5+ cxd5 25. f3 exf3 26. Rxf3
Rxf3 27. gxf3 Kf7 28. Kf2 Ra7 29. Ke3 Rc7 30. Kd3 Kf6 31. Bc3+ Kf5 32. a4 Ra7
33. a5 Kf4 34. Rf1 g6 35. Bd2+ Kf5 36. Ra1 g5 37. Ra4 h5 38. h3 Ra6 39. Bc3 Ke6
40. Bd4 Kf5 41. Bb6 Ke5 42. Ke3 Kf5 43. Rd4 Ke6 44. h4 1-0

[Event "4NCL Division 2a"]
[Site "Northampton, ENG"]
[Date "2017.01.14"]
[Round "3.38"]
[White "Meadows, Michael"]
[Black "Phillips, David"]
[Result "1/2-1/2"]
[WhiteElo "1963"]
[BlackElo "1675"]
[PlyCount "46"]
[EventDate "2017.01.14"]
[WhiteTeam "Downend & Fishponds"]
[BlackTeam "Warwickshire Select 2"]

1. e4 b6 2. d4 Bb7 3. Bd3 Nf6 4. Nc3 e6 5. Nge2 d5 6. exd5 Nxd5 7. O-O Nxc3 8.
Nxc3 Nd7 9. Qe2 Qh4 10. Ne4 Bd6 11. h3 Bxe4 12. Qxe4 Qxe4 13. Bxe4 Rd8 14. Be3
O-O 15. Rfd1 Nf6 16. Bf3 Nd5 17. Bg5 f6 18. Bd2 Kf7 19. Rac1 Nf4 20. c4 g5 21.
b4 Rc8 22. c5 Be7 23. Bxf4 gxf4 1/2-1/2

[Event "4NCL Division 2a"]
[Site "Northampton, ENG"]
[Date "2017.01.14"]
[Round "3.41"]
[White "Cumming, Rhys"]
[Black "Frostick, Clive A"]
[Result "0-1"]
[WhiteElo "2161"]
[BlackElo "2177"]
[PlyCount "40"]
[EventDate "2017.01.14"]
[WhiteTeam "Sussex Martlets 1"]
[BlackTeam "CSC Dragons"]

1. e4 c5 2. Nf3 e6 3. b3 d6 4. Bb2 Nf6 5. e5 dxe5 6. Nxe5 Nbd7 7. f4 Be7 8. Bd3
O-O 9. O-O Ne8 10. a4 g6 11. Na3 f6 12. Nxg6 hxg6 13. Qg4 Rf7 14. Rf3 Nf8 15.
Rh3 Rg7 16. Rh6 Nd6 17. Qh3 Nf7 18. Rh4 f5 19. Bxg7 Kxg7 20. g4 Bxh4 0-1

[Event "4NCL Division 2a"]
[Site "Northampton, ENG"]
[Date "2017.01.14"]
[Round "3.42"]
[White "Farrand, Tom"]
[Black "Graham, David B"]
[Result "1/2-1/2"]
[WhiteElo "2167"]
[BlackElo "2177"]
[PlyCount "52"]
[EventDate "2017.01.14"]
[WhiteTeam "CSC Dragons"]
[BlackTeam "Sussex Martlets 1"]

1. e4 e6 2. d4 d5 3. Nc3 Bb4 4. e5 Ne7 5. Bd2 O-O 6. Nf3 f6 7. exf6 Rxf6 8. Bd3
c5 9. dxc5 Nbc6 10. Qe2 e5 11. O-O-O Bg4 12. Bxh7+ Kh8 13. Bg5 Bxc3 14. bxc3
Rf8 15. Be4 Qa5 16. h3 Bh5 17. Bxe7 Nxe7 18. Bxd5 Nxd5 19. Rxd5 Qxa2 20. Rhd1
Rad8 21. Qxe5 Bg6 22. R1d3 Bxd3 23. Rxd3 Rxd3 24. cxd3 Qxf2 25. Qh5+ Kg8 26.
Qd5+ Kh8 1/2-1/2

[Event "4NCL Division 2a"]
[Site "Northampton, ENG"]
[Date "2017.01.14"]
[Round "3.43"]
[White "Bucher, Grant W"]
[Black "Thompson, Ian D"]
[Result "0-1"]
[WhiteElo "2124"]
[BlackElo "2153"]
[PlyCount "84"]
[EventDate "2017.01.14"]
[WhiteTeam "Sussex Martlets 1"]
[BlackTeam "CSC Dragons"]

1. e4 e6 2. d4 d5 3. Nc3 Nf6 4. e5 Nfd7 5. Nce2 c5 6. f4 Nc6 7. Nf3 Qb6 8. c3
f6 9. h4 Be7 10. a3 O-O 11. Rh3 a5 12. b3 Rf7 13. Rg3 Nf8 14. Neg1 Bd7 15. Be3
a4 16. b4 cxb4 17. cxb4 Na7 18. Bd3 Bb5 19. Bc2 fxe5 20. Ng5 exf4 21. Nxf7 fxg3
22. Ne5 Nc6 23. Ngf3 Bd6 24. Bf4 Bxe5 25. Bxe5 Nxe5 26. Nxe5 Qd8 27. Qg4 Qf6
28. O-O-O Qf2 29. Rd2 Qe1+ 30. Rd1 Qe3+ 31. Kb1 Rc8 32. Rc1 Bc4 33. Kb2 Qf2 34.
Kb1 Rc7 35. Qf3 Qxd4 36. Qxg3 Rc8 37. Qg5 h6 38. Qh5 Qf2 39. Ng6 Qf7 40. Qg4
Nxg6 41. Bxg6 Qf6 42. Re1 d4 0-1